| 000 | 01112nam a22003370a 4500 | ||
|---|---|---|---|
| 001 | PT5584 | ||
| 003 | AR-LpoUNG | ||
| 005 | 20210131232128.0 | ||
| 008 | 191001s1999||||ag |||||||||||||||||spa d | ||
| 020 |
_a9879006143 _c$15,33 |
||
| 040 |
_aAR-LpoUNG _bspa _cAR-LpoUNG _eaacr |
||
| 041 | _aspa | ||
| 044 | _aag | ||
| 082 | 0 | _a410 362len | |
| 100 | 1 | _aFernández, José Luis | |
| 245 | 1 | 4 | _aLos lenguajes de la radio |
| 250 | _a1ra. ed. | ||
| 260 |
_aBuenos Aires : _bAtuel, _c1999. |
||
| 300 |
_a111 p. : _bgráfs. |
||
| 520 | _a<p>En este texto el autor busca definir lo específico de un lenguaje y del dispositivo que lo soporta. Esto es resultado de una vasta investigación que le permitió superar las generalizaciones sobre el medio radiofónico como las habituales conjeturas acerca de sus efectos sociales.</p> | ||
| 650 | 4 | _aANALISIS DE CONTENIDO | |
| 650 | 4 | _aCODIGOS | |
| 650 | 4 | _aCOMUNICACION | |
| 650 | 4 | _aCULTURA | |
| 650 | 4 | _aEQUIPO DE RADIO | |
| 650 | 4 | _aRADIO | |
| 650 | 4 | _aTECNOLOGIA | |
| 651 | 4 | _aDOCUMENTOS TEORICOS O METODOLOGICOS | |
| 905 | _a5584 | ||
| 942 | _cLIB | ||
| 999 |
_c13881 _d13881 |
||